| Tag |
First Indicator |
Second Indicator |
Subfields |
| LEADER |
00000pam a2200000 a 4500 |
| 001 |
in00000076998 |
| 005 |
20151008055020.0 |
| 008 |
810922s1981 nyuacf b 01100beng |
| 010 |
|
|
|a 81015203
|
| 020 |
|
|
|a 0824715500
|
| 035 |
|
|
|a (OCoLC)07837628
|
| 035 |
|
|
|9 AAJ2325AM
|
| 039 |
0 |
|
|a 2
|b 3
|c 3
|d 3
|e 3
|
| 040 |
|
|
|a DLC
|c DLC
|d TXA
|d UtOrBLW
|
| 043 |
|
|
|a e-gx---
|
| 049 |
|
|
|a TXAM
|c [1442407]
|
| 050 |
0 |
0 |
|a QA29.N6
|b E47
|
| 082 |
0 |
|
|a 510/.92/4
|a B
|2 19
|
| 245 |
0 |
0 |
|a Emmy Noether :
|b a tribute to her life and work /
|c editors, James W. Brewer, Martha K. Smith.
|
| 264 |
|
1 |
|a New York :
|b M. Dekker,
|c [1981]
|
| 264 |
|
4 |
|c ©1981
|
| 300 |
|
|
|a x, 180 pages, 10 unnumbered pages of plates :
|b illustrations, portraits ;
|c 24 cm.
|
| 336 |
|
|
|a text
|b txt
|2 rdacontent
|
| 337 |
|
|
|a unmediated
|b n
|2 rdamedia
|
| 338 |
|
|
|a volume
|b nc
|2 rdacarrier
|
| 490 |
0 |
|
|a Pure and applied mathematics
|
| 490 |
1 |
|
|a Monographs and textbooks on pure and applied mathematics ;
|v v. 69
|
| 504 |
|
|
|a Includes bibliographies and index.
|
| 600 |
1 |
0 |
|a Noether, Emmy,
|d 1882-1935.
|
| 650 |
|
0 |
|a Mathematicians
|z Germany
|v Biography.
|
| 650 |
|
0 |
|a Algebra.
|
| 700 |
1 |
|
|a Noether, Emmy,
|d 1882-1935.
|
| 700 |
1 |
|
|a Brewer, James W.,
|d 1942-
|
| 700 |
1 |
|
|a Smith, Martha K.,
|d 1944-
|
| 830 |
|
0 |
|a Monographs and textbooks in pure and applied mathematics ;
|v v. 69.
|
| 999 |
|
|
|a MARS
|
| 999 |
f |
f |
|s 41d67cc8-56db-386b-9945-44cb63e461ec
|i d02b175c-aaff-3884-8dba-573cc9790ab5
|t 0
|
| 952 |
f |
f |
|p normal
|a Texas A&M University
|b College Station
|c Sterling C. Evans Library
|d Evans: Library Stacks
|t 0
|e QA29.N6 E47
|h Library of Congress classification
|i unmediated -- volume
|m A14806200998
|
| 998 |
f |
f |
|a QA29.N6 E47
|t 0
|l Evans: Library Stacks
|